| 000 | 00430nam a22001337a 4500 | ||
|---|---|---|---|
| 008 | 140605b xxu||||| |||| 00| 0 eng d | ||
| 050 | _aLB1645.H866 | ||
| 100 |
_aHowson, Geoffrey _910605 |
||
| 245 |
_aMaths Problem _bcan more pupils reach higher standards _cGeoffrey Howson |
||
| 260 |
_aLondon _bCentre for Policy studies _c1989 |
||
| 300 |
_a51p. ; _c21cm. |
||
| 650 |
_aMathematics, Teaching of _910606 |
||
| 942 |
_2lcc _cMONOGRAPH |
||
| 999 |
_c120619 _d120619 |
||